000 01488nmc a2200445 a 4500
003 AR-BaBNM
005 20251128204115.0
008 305019s1992 ||||||||||||||000 | spa||
020 _a950-25-2680-5
040 _cAR-BaBNM
245 1 0 _aEl cuento argentino
_b1900-1930
260 _aBuenos Aires
_bCentro Editor de América Latina
_c1992
300 1 _aX, 159 p.
490 0 _aBiblioteca básica Argentina. Serie B
500 0 _aNotas por el profesor Eduardo Romano y Alberto Ascione
600 1 4 _aGonzález, Joaquín V.
_d1863-1923
600 1 4 _aLeguizamon, Martiniano
_d1858-1935
600 1 4 _aLugones, Leopoldo
_d1874-1938
600 1 4 _aGerchunoff, Alberto
_d1883-1950
600 1 4 _aGüiraldes, Ricardo
_d1886-1927
600 1 4 _aLynch, Benito
_d1880-1951
600 1 4 _aYunque, Alvaro
_d1889-1982
600 1 4 _aGonzález Tuñon, Enrique
600 1 4 _aEstrada, Angel de
_d1872-1923
600 1 4 _aChiappori, Atilio
_d1880-1947
600 1 4 _aPayró, Roberto
_d1867-1928
600 1 4 _aDávalos, Juan Carlos
_d1887-1959
600 1 4 _aBurgos, Fausto
_d1888-1953
600 1 4 _aMariani, Roberto
_d1892-1946
600 1 4 _aGuerrero Estrella, Guillermo
_d1891-1945
600 1 4 _aMéndez Calzada, Enrique
_d1898-1940
650 4 _aLITERATURA ARGENTINA
650 4 _aLITERATURA DE FICCION
653 0 _aCUENTOS ARGENTINOS
655 _aLITERATURA
700 _aRomano, Eduardo
_eprologuista
700 1 _aAscione, Alberto
_ecomentarios
942 _cBK
998 _cCarmen
999 _c6200
_d6200